LEADER 00918nam a2200217 4500 001 000000350057 003 CaOOAMICUS 005 20220428095651.0 008 220422s2016 gw a e 000 u eng r 020 $a978-3-11-031329-1 040 $aSeMil$bita 245 00$a12: Ho Tsun-sheen-Insult. 264 1$aBerlin ; Boston :$bWalter de Gruyter,$c2016. 300 $aXXIX p., 1222 col., 16 p. di tav. :$bill. ;$c25 cm 773 0 $tEncyclopedia of the Bible and its reception.$dBerlin ; New York : Walter de Gruyter, 2009-$g12$w()350040 850 $aSeMil 852 $aSeMil$W1$xVenegono$y1$mSL1.R I 12$j232578$B241184$CSeMilBibl$Z2$F241184 $8I 996 $6020$a978-3-11-031329-1$9(OLS)http://semarc/number/295738 996 $6245$a12: Ho Tsun-sheen-Insult$9(OLS)http://semarc/title/439742 996 $6264$aBerlin ; Boston :$bWalter de Gruyter$9(OLS)http://semarc/publisher/60399 LEADER 00644nam a2200181 i 4500 001 000000244994 003 CaOOAMICUS 005 20150911000000.0 008 150911s1955 it u000 u ita u 013 $a223899 040 $aSeMil$bita 245 10$aProvincia di Milano. 300 $a97 p. :$btabelle. 650 4$aItalia settentrionale - Censimenti - 1951.$0(OLS)http://semarc/subject/36288 773 0 $tDati sommari per comune.$dRoma : Abete, [1955?]$gVolume1$w()32531 850 $aSeMil 852 $aSeMil$W1$xVenegono$y1$m3N VI 3$j195340$B195340$CSeMilBibl$Z2$F206021 $81 996 $6245$aProvincia di Milano$9(OLS)http://semarc/title/346807 LEADER 00868nam a2200229 i 4500 001 000000185467 003 CaOOAMICUS 005 20100205000000.0 008 100205s1927 it u000 u fre u 013 $a163480 040 $aSeMil$bita 100 1 $aZeller, Renée.$0(OLS)http://semarc/name/21170 245 13$aLa vie dominicaine /$cRenée C.T. Zeller. 260 $aParis :$bGrasset,$c1927. 300 $aXII, 227 p. ;$c19 cm. 490 0 $aLes grands ordres monastiques ;$v2. 650 4$aDomenicani.$0(OLS)http://semarc/subject/8350 830 4$aLes grands ordres monastiques ;$v2.$0(OLS)http://semarc/title/30565 850 $aSeMil 852 $aSeMil$W1$xVenegono$y1$m3F I 42$j136158$B136158$CSeMilBibl$Z2$F147680 $81 996 $6245$aLa vie dominicaine$9(OLS)http://semarc/title/266546 996 $6260$aParis :$bGrasset$9(OLS)http://semarc/publisher/32984